[Event "Bolzano op 11th"]
[Site "Bolzano"]
[Date "1996.10.??"]
[Round "?"]
[White "Pieri, Filippo"]
[Black "Astengo, Marcello"]
[Result "1-0"]
[WhiteElo "2215"]
[BlackElo "2115"]
[PlyCount "69"]
[EventDate "1996.10.??"]
[EventType "swiss"]
[EventRounds "9"]
[EventCountry "ITA"]
[SourceTitle "EXT 2024"]
[Source "ChessBase"]
[SourceDate "2023.10.10"]
[SourceVersion "1"]
[SourceVersionDate "2023.10.10"]
[SourceQuality "1"]

1. e4 e6 2. d4 d5 3. Nc3 Bb4 4. exd5 exd5 5. Bd3 Nf6 6. Nge2 c6 7. a3 Bd6 8. Bf4 Bg4 9. f3 Bh5 10. Qd2 Bg6 11. Bxg6 hxg6 12. 0-0-0 Be7 13. Qe3 Na6 14. Be5 Nc7 15. Nf4 b5 16. Rde1 Kf8 17. Re2 Ng8 18. Nxg6+ fxg6 19. Qf4+ Bf6 20. Bxc7 Qd7 21. Rhe1 g5 22. Qd6+ Qxd6 23. Bxd6+ Kf7 24. Be5 Re8 25. h3 Nh6 26. Nd1 Nf5 27. c3 Bxe5 28. Rxe5 Nh4 29. Rxe8 Rxe8 30. Rxe8 Kxe8 31. Ne3 Kf7 32. Kd2 Kg6 33. Ke2 Kh5 34. g3 Ng6 35. Nf5 1-0

[Event "Bolzano op 11th"]
[Site "Bolzano"]
[Date "1996.10.??"]
[Round "?"]
[White "Pieri, Filippo"]
[Black "Luciani, Valerio"]
[Result "1-0"]
[WhiteElo "2215"]
[BlackElo "2180"]
[PlyCount "39"]
[EventDate "1996.10.??"]
[EventType "swiss"]
[EventRounds "9"]
[EventCountry "ITA"]
[SourceTitle "EXT 2024"]
[Source "ChessBase"]
[SourceDate "2023.10.10"]
[SourceVersion "1"]
[SourceVersionDate "2023.10.10"]
[SourceQuality "1"]

1. e4 e6 2. d4 d5 3. Nc3 Bb4 4. Nge2 dxe4 5. a3 Be7 6. Nxe4 Nd7 7. Bf4 Ngf6 8. N2c3 a6 9. Bd3 0-0 10. Qf3 Ra7 11. Qh3 Re8 12. Be5 Nf8 13. 0-0-0 Nxe4 14. Nxe4 f6 15. Bg3 e5 16. Bc4+ Kh8 17. Qh5 exd4 18. Bxc7 Qxc7 19. Qxe8 b5 20. Bb3 1-0

[Event "Montecatini Terme op"]
[Site "Montecatini Terme"]
[Date "1994.??.??"]
[Round "?"]
[White "Berg, Daniel"]
[Black "Pieri, Filippo"]
[Result "1/2-1/2"]
[WhiteElo "2320"]
[BlackElo "2220"]
[PlyCount "128"]
[EventDate "1994.??.??"]
[EventType "swiss"]
[EventRounds "9"]
[EventCountry "ITA"]
[SourceTitle "EXT 1999"]
[Source "ChessBase"]
[SourceDate "1998.11.16"]
[SourceVersion "1"]
[SourceVersionDate "1998.11.16"]
[SourceQuality "1"]

1. d4 Nf6 2. Nf3 c5 3. d5 e6 4. c4 exd5 5. cxd5 d6 6. Nc3 g6 7. e4 Bg7 8. h3 0-0 9. Bd3 b5 10. Nxb5 Nxe4 11. Bxe4 Re8 12. Ng5 h6 13. Ne6 Qa5+ 14. Nc3 Bxc3+ 15. bxc3 Qxc3+ 16. Qd2 Qxd2+ 17. Kxd2 fxe6 18. Kc3 e5 19. Bxh6 Bf5 20. f3 Nd7 21. Bg5 Rab8 22. Rhb1 Nb6 23. Rb3 Kf8 24. g4 Bd7 25. Rab1 Kf7 26. h4 c4 27. Rb4 Rb7 28. Be3 Reb8 29. Bxb6 axb6 30. Kxc4 b5+ 31. Kd3 Rh8 32. a4 Rxh4 33. axb5 Rb6 34. Ke3 Rh8 35. Ra1 Rxb5 36. Rxb5 Bxb5 37. Ra7+ Kf6 38. Rb7 Ba4 39. Ra7 Bb3 40. Rb7 Ba4 41. Rb4 Ra8 42. Rb6 Rd8 43. Ra6 Bb5 44. Rb6 Ba4 45. Kd2 Kg5 46. Rb7 Bd7 47. Rb6 Be8 48. Ke3 Ba4 49. Rb7 Bd7 50. Ra7 Kf6 51. Ra1 Kg5 52. Ra7 Kf6 53. Ra1 Kg5 54. Rh1 Ra8 55. Rh7 Be8 56. Rh8 Bc6 57. dxc6 Rxh8 58. Kd3 Kf6 59. Kc4 Rg8 60. Kd5 Ke7 61. g5 Rf8 62. Kc4 Kd8 63. Kd5 Ke7 64. Kc4 Kd8 1/2-1/2

[Event "FRA-ch op FIDE"]
[Site "Paris"]
[Date "1994.??.??"]
[Round "1"]
[White "Mandon, Fabrice"]
[Black "Pieri, Filippo"]
[Result "0-1"]
[WhiteElo "2150"]
[BlackElo "2225"]
[PlyCount "142"]
[EventDate "1994.??.??"]
[EventType "swiss"]
[EventRounds "9"]
[EventCountry "FRA"]
[SourceTitle "EXT 1998"]
[Source "ChessBase"]
[SourceDate "1997.11.17"]
[SourceVersion "1"]
[SourceVersionDate "1997.11.17"]
[SourceQuality "1"]

1. d4 Nf6 2. c4 c5 3. d5 e6 4. Nc3 exd5 5. cxd5 d6 6. Nf3 g6 7. g3 Bg7 8. Bg2 0-0 9. 0-0 a6 10. a4 Re8 11. Re1 Ne4 12. Bd2 Nxd2 13. Nxd2 Nd7 14. Nc4 Ne5 15. Nxe5 Bxe5 16. Qd3 Rb8 17. Rab1 b5 18. axb5 axb5 19. b4 c4 20. Qd2 Bd7 21. e3 Qb6 22. Ra1 Ra8 23. Qb2 Qb7 24. Rxa8 Rxa8 25. Ra1 Ra6 26. Kf1 Qa7 27. Rxa6 Qxa6 28. Ke2 Bf5 29. Kd2 Bg7 30. Bf3 h5 31. Qc1 Kh7 32. Qb2 Bd3 33. Ke1 Qc8 34. Qd2 Qh3 35. Be2 Qxh2 36. Bxd3 cxd3 37. Qxd3 Bxc3+ 38. Qxc3 Qh1+ 39. Ke2 Qxd5 40. Qf6 Qe6 41. Qd4 Qe5 42. Qd2 Kg8 43. Qa2 Kf8 44. Qa5 Qd5 45. Qd8+ Kg7 46. Qc7 g5 47. Qc3+ Kg6 48. Qc2+ Kf6 49. Qc3+ Qe5 50. Qb3 h4 51. gxh4 gxh4 52. Kf3 Qf5+ 53. Kg2 Qg4+ 54. Kh2 Qf5 55. Kg2 Qe4+ 56. Kh3 Qf3+ 57. Kxh4 Qxf2+ 58. Kg4 Qe2+ 59. Kf4 Qh2+ 60. Ke4 Qe5+ 61. Kd3 d5 62. Kd2 Qe4 63. Qc3+ Kg5 64. Qg7+ Kh4 65. Qf6+ Kg3 66. Qg7+ Kh2 67. Qh6+ Kg1 68. Qd6 f5 69. Ke2 Qc4+ 70. Kd2 Kf1 71. Qc5 Kf2 0-1

[Event "FRA-ch op FIDE"]
[Site "Paris"]
[Date "1994.??.??"]
[Round "2"]
[White "Pieri, Filippo"]
[Black "Leroy, Adrien"]
[Result "0-1"]
[WhiteElo "2225"]
[BlackElo "2340"]
[PlyCount "64"]
[EventDate "1994.??.??"]
[EventType "swiss"]
[EventRounds "9"]
[EventCountry "FRA"]
[SourceTitle "EXT 1998"]
[Source "ChessBase"]
[SourceDate "1997.11.17"]
[SourceVersion "1"]
[SourceVersionDate "1997.11.17"]
[SourceQuality "1"]

1. e4 c5 2. Nf3 d6 3. d4 cxd4 4. Nxd4 Nf6 5. Nc3 a6 6. Bg5 e6 7. Qd3 b5 8. 0-0-0 Bb7 9. f4 Nbd7 10. e5 dxe5 11. fxe5 Nxe5 12. Qg3 Qb8 13. Bxf6 gxf6 14. Be2 Ng6 15. Qe1 Bc5 16. Rf1 Bxg2 17. Rxf6 Be7 18. Rf3 Bxf3 19. Bxf3 Qf4+ 20. Kb1 Rd8 21. Bc6+ Kf8 22. Qe3 Kg7 23. Ne4 Bf6 24. c3 Bxd4 25. cxd4 f5 26. Ng3 h5 27. d5 h4 28. Rf1 Qg4 29. Qa7+ Kh6 30. Nh1 Qe4+ 31. Ka1 exd5 32. Bd7 Qe7 0-1

[Event "Montecatini Terme op"]
[Site "Montecatini Terme"]
[Date "1994.??.??"]
[Round "?"]
[White "Pieri, Filippo"]
[Black "Vezzosi, Paolo"]
[Result "0-1"]
[WhiteElo "2220"]
[BlackElo "2300"]
[PlyCount "68"]
[EventDate "1994.??.??"]
[EventType "swiss"]
[EventRounds "9"]
[EventCountry "ITA"]
[SourceTitle "EXT 1999"]
[Source "ChessBase"]
[SourceDate "1998.11.16"]
[SourceVersion "1"]
[SourceVersionDate "1998.11.16"]
[SourceQuality "1"]

1. e4 c5 2. Nf3 Nc6 3. d4 cxd4 4. Nxd4 g6 5. Nc3 Bg7 6. Be3 Nf6 7. Nxc6 bxc6 8. e5 Ng8 9. f4 Nh6 10. Qd2 0-0 11. 0-0-0 f6 12. Bc4+ Nf7 13. h4 fxe5 14. fxe5 e6 15. Bf4 Qa5 16. Be2 Bxe5 17. Bxe5 Qxe5 18. Kb1 d5 19. h5 g5 20. h6 Qf4 21. Qd3 e5 22. Rdf1 e4 23. Qd4 Qe5 24. Qc5 Bd7 25. Bh5 Nxh6 26. Rxf8+ Rxf8 27. Qxa7 Qg7 28. a4 Bf5 29. Qxg7+ Kxg7 30. Bd1 Ra8 31. b3 Ng4 32. Re1 Kf6 33. Kc1 Ke5 34. Bxg4 Bxg4 0-1

[Event "Cattolica op"]
[Site "Cattolica"]
[Date "1993.??.??"]
[Round "8"]
[White "Laketic, Gojko"]
[Black "Pieri, Filippo"]
[Result "1-0"]
[WhiteElo "2410"]
[BlackElo "2215"]
[PlyCount "61"]
[EventDate "1993.05.??"]
[EventType "swiss"]
[EventRounds "9"]
[EventCountry "ITA"]
[SourceTitle "TD"]
[Source "ChessBase"]
[SourceDate "1994.03.01"]
[SourceVersion "1"]
[SourceVersionDate "1994.03.01"]
[SourceQuality "1"]

1. c4 Nf6 2. Nc3 c5 3. g3 Nc6 4. Bg2 g6 5. a3 Bg7 6. Rb1 0-0 7. b4 cxb4 8. axb4 d6 9. b5 Ne5 10. d3 Nfg4 11. Bd2 Nxf2 12. Kxf2 Ng4+ 13. Ke1 Qb6 14. e3 Nxe3 15. Qe2 Nc2+ 16. Kf1 Nd4 17. Qe3 Qa5 18. Nge2 Nc2 19. Qf3 f5 20. Rc1 Na1 21. Be1 f4 22. gxf4 Qa3 23. Qe3 e5 24. Bd5+ Kh8 25. Kg2 Nb3 26. Rc2 exf4 27. Nxf4 Bf5 28. Re2 Qc5 29. Qg3 Be5 30. Na4 Qc7 31. Be4 1-0

[Event "Forli op"]
[Site "Forli"]
[Date "1993.??.??"]
[Round "6"]
[White "Pieri, Filippo"]
[Black "Cordara, Michele"]
[Result "1-0"]
[WhiteElo "2215"]
[BlackElo "2205"]
[PlyCount "43"]
[EventDate "1993.10.??"]
[EventType "swiss"]
[EventRounds "9"]
[EventCountry "ITA"]
[SourceTitle "EXT 1998"]
[Source "ChessBase"]
[SourceDate "1997.11.17"]
[SourceVersion "1"]
[SourceVersionDate "1997.11.17"]
[SourceQuality "1"]

1. e4 Nc6 2. d4 d5 3. Nc3 e6 4. Nf3 Bb4 5. e5 Nge7 6. Bd3 Nf5 7. 0-0 Nfxd4 8. Nxd4 Nxd4 9. Qg4 Nc6 10. Qxg7 Rf8 11. Bg5 Qd7 12. Rad1 f5 13. exf6 Rf7 14. Qh8+ Bf8 15. Rfe1 Nd4 16. Bh6 c5 17. Bxh7 Qd6 18. Bg6 Bd7 19. Qh7 0-0-0 20. Bxf7 Bxh6 21. Qxh6 Nf5 22. Qh5 1-0

[Event "Paris-ch op"]
[Site "Paris"]
[Date "1993.??.??"]
[Round "6"]
[White "Pieri, Filippo"]
[Black "Elbilia, Jacques"]
[Result "0-1"]
[WhiteElo "2195"]
[BlackElo "2310"]
[PlyCount "76"]
[EventDate "1993.04.??"]
[EventType "swiss"]
[EventRounds "9"]
[EventCountry "FRA"]
[SourceTitle "EXT 1998"]
[Source "ChessBase"]
[SourceDate "1997.11.17"]
[SourceVersion "1"]
[SourceVersionDate "1997.11.17"]
[SourceQuality "1"]

1. e4 e6 2. d4 b6 3. Nf3 Bb7 4. Bd3 c5 5. c3 Nf6 6. e5 Nd5 7. 0-0 cxd4 8. cxd4 Be7 9. Nc3 0-0 10. Bb1 f5 11. exf6 gxf6 12. Bh6 Rf7 13. Ne4 Nc6 14. a3 Bf8 15. Qd2 f5 16. Bg5 Qe8 17. Ng3 Rg7 18. Ba2 Nd8 19. Rfe1 Qg6 20. Bh6 Nf7 21. Bxg7 Bxg7 22. Bxd5 Bxd5 23. Kh1 Bh6 24. Qd3 d6 25. Re2 Kh8 26. Rg1 Rg8 27. Rc2 Ng5 28. Nxg5 Bxg5 29. Qe2 f4 30. Rc7 fxg3 31. fxg3 Bf6 32. Qd2 Qe4 33. Rxa7 Qxd4 34. Qc2 Qe4 35. Qxe4 Bxe4 36. b4 Rc8 37. Ra6 Bd4 38. Rd1 Rc2 0-1

[Event "Cattolica op"]
[Site "Cattolica"]
[Date "1993.??.??"]
[Round "5"]
[White "Pieri, Filippo"]
[Black "Nurkic, Sahbaz"]
[Result "0-1"]
[WhiteElo "2215"]
[BlackElo "2395"]
[PlyCount "72"]
[EventDate "1993.05.??"]
[EventType "swiss"]
[EventRounds "9"]
[EventCountry "ITA"]
[SourceTitle "TD"]
[Source "ChessBase"]
[SourceDate "1994.03.01"]
[SourceVersion "1"]
[SourceVersionDate "1994.03.01"]
[SourceQuality "1"]

1. e4 g6 2. d4 Bg7 3. Nc3 c6 4. Be3 d5 5. Be2 dxe4 6. Nxe4 Nd7 7. Qd2 Ngf6 8. Nc3 Nb6 9. 0-0-0 Be6 10. Nf3 h6 11. Ne5 Nbd5 12. Nxd5 Nxd5 13. c4 Nxe3 14. Qxe3 Qa5 15. Kb1 0-0-0 16. Ka1 Rd6 17. Qc3 Qxc3 18. bxc3 Bxe5 19. dxe5 Rdd8 20. Kb2 Kc7 21. Rd4 c5 22. Rdd1 g5 23. h4 Rxd1 24. Rxd1 gxh4 25. Rh1 Rg8 26. Bf3 h3 27. gxh3 Rg5 28. Re1 Rf5 29. Re3 Rf4 30. Bd5 Rxf2+ 31. Kb3 Bf5 32. e6 Bc2+ 33. Ka3 f5 34. Rg3 Bb1 35. Rg8 Rxa2+ 36. Kb3 a5 0-1

[Event "Paris-ch op"]
[Site "Paris"]
[Date "1993.??.??"]
[Round "7"]
[White "Romantchouk, Jacques"]
[Black "Pieri, Filippo"]
[Result "0-1"]
[WhiteElo "2275"]
[BlackElo "2195"]
[PlyCount "58"]
[EventDate "1993.04.??"]
[EventType "swiss"]
[EventRounds "9"]
[EventCountry "FRA"]
[SourceTitle "TD"]
[Source "ChessBase"]
[SourceDate "1994.03.01"]
[SourceVersion "1"]
[SourceVersionDate "1994.03.01"]
[SourceQuality "1"]

1. e4 c5 2. Nf3 d6 3. d4 cxd4 4. Nxd4 Nf6 5. Nc3 g6 6. Be2 Bg7 7. 0-0 0-0 8. Be3 Nc6 9. Nb3 Be6 10. f4 Qc8 11. h3 Rd8 12. Bf3 Bc4 13. Re1 e5 14. Qd2 d5 15. exd5 e4 16. Nxe4 Nxd5 17. c3 Nxf4 18. Nd6 Nxh3+ 19. gxh3 Qxh3 20. Bg2 Qg4 21. Bf4 h5 22. Rad1 Bd5 23. Qxd5 Qxf4 24. Rf1 Qe3+ 25. Kh1 Ne5 26. Rfe1 Qg5 27. Rxe5 Bxe5 28. Qxf7+ Kh8 29. Nf5 Bd4 0-1

[Event "ITA-chT"]
[Site "Italy"]
[Date "1993.??.??"]
[Round "4"]
[White "Zichichi, Alvise"]
[Black "Pieri, Filippo"]
[Result "1-0"]
[WhiteElo "2305"]
[BlackElo "2195"]
[PlyCount "69"]
[EventDate "1993.??.??"]
[EventType "team"]
[EventRounds "9"]
[EventCountry "ITA"]
[SourceTitle "EXT 1999"]
[Source "ChessBase"]
[SourceDate "1998.11.16"]
[SourceVersion "1"]
[SourceVersionDate "1998.11.16"]
[SourceQuality "1"]

1. Nf3 c5 2. c4 Nf6 3. g3 Nc6 4. Bg2 g6 5. b3 Bg7 6. Bb2 0-0 7. 0-0 d6 8. d3 e5 9. Nc3 h6 10. Nd2 Be6 11. Nde4 Ne8 12. Nd5 Bxd5 13. cxd5 Ne7 14. Nd2 f5 15. a4 Nf6 16. e4 Qe8 17. Nc4 Rd8 18. b4 cxb4 19. Qb3 f4 20. Qxb4 f3 21. Bxf3 Nfxd5 22. exd5 Rxf3 23. Nxd6 Qd7 24. Qe4 Rdf8 25. Nc4 Qxd5 26. Ba3 Qxe4 27. dxe4 Rc8 28. Ne3 Nc6 29. Kg2 Rf7 30. Rac1 Rd7 31. Nd5 Rcd8 32. Bc5 Nd4 33. Bxa7 Rf7 34. Bb6 Bf8 35. Bxd8 1-0

[Event "Arco op 16th"]
[Site "Arco"]
[Date "1992.09.??"]
[Round "?"]
[White "Pieri, Filippo"]
[Black "Dizdarevic, Emir"]
[Result "0-1"]
[WhiteElo "2235"]
[BlackElo "2480"]
[PlyCount "84"]
[EventDate "1992.09.26"]
[EventType "swiss"]
[EventRounds "9"]
[EventCountry "ITA"]
[SourceTitle "EXT 2014"]
[Source "ChessBase"]
[SourceDate "2013.11.20"]
[SourceVersion "1"]
[SourceVersionDate "2013.11.20"]
[SourceQuality "1"]

1. e4 Nc6 2. d4 d5 3. Nc3 dxe4 4. d5 Nb8 5. Bc4 Nf6 6. Bg5 a6 7. Bxf6 exf6 8. Nxe4 f5 9. Nc3 Bd6 10. Qe2+ Kf8 11. Nf3 g6 12. 0-0-0 Kg7 13. h4 h5 14. Rhe1 Nd7 15. Qd2 Qf6 16. Qd4 Qxd4 17. Rxd4 Nf6 18. Ng5 Bd7 19. g3 Rae8 20. Rxe8 Rxe8 21. Kd1 Ng4 22. Rd2 Bxg3 23. fxg3 Ne3+ 24. Kc1 Nxc4 25. Re2 Rxe2 26. Nxe2 Ne3 27. Nf4 Nf1 28. Nf3 Nxg3 29. Ne5 Be8 30. c4 Kf6 31. Ned3 g5 32. hxg5+ Kxg5 33. Kd2 c6 34. Ke3 cxd5 35. cxd5 Ne4 36. Ne5 f6 37. Ne6+ Kh4 38. Nc4 Kg4 39. Kd4 h4 40. Ne3+ Kf3 41. Nxf5 h3 42. Nh4+ Kg4 0-1

[Event "Paris-ch op"]
[Site "Paris"]
[Date "1992.??.??"]
[Round "7"]
[White "Bartha, Sandor"]
[Black "Pieri, Filippo"]
[Result "0-1"]
[WhiteElo "2310"]
[BlackElo "2250"]
[PlyCount "64"]
[EventDate "1992.04.??"]
[EventType "swiss"]
[EventRounds "9"]
[EventCountry "FRA"]
[SourceTitle "EXT 1997"]
[Source "ChessBase"]
[SourceDate "1996.11.15"]
[SourceVersion "1"]
[SourceVersionDate "1996.11.15"]
[SourceQuality "1"]

1. d4 Nf6 2. Nf3 c5 3. c3 b6 4. Bg5 d6 5. e3 Nbd7 6. Nbd2 g6 7. Bb5 Bg7 8. Qa4 e6 9. Bc6 Rb8 10. 0-0 0-0 11. Bxd7 Qxd7 12. Qxd7 Bxd7 13. Rfe1 h6 14. Bh4 g5 15. Bg3 Nh5 16. Nf1 Bb5 17. Rad1 a5 18. N3d2 a4 19. a3 f5 20. d5 Ba6 21. f3 b5 22. e4 f4 23. Bf2 b4 24. axb4 cxb4 25. Bd4 Rfc8 26. Bxg7 Kxg7 27. Ra1 a3 28. cxb4 Bxf1 29. Kxf1 axb2 30. Ra2 Rxb4 31. Rb1 Rc2 32. Ke2 Rd4 0-1

[Event "Paris-ch op"]
[Site "Paris"]
[Date "1992.??.??"]
[Round "8"]
[White "Pieri, Filippo"]
[Black "Hartereau, Philippe"]
[Result "0-1"]
[WhiteElo "2250"]
[BlackElo "2300"]
[PlyCount "70"]
[EventDate "1992.04.??"]
[EventType "swiss"]
[EventRounds "9"]
[EventCountry "FRA"]
[SourceTitle "EXT 1997"]
[Source "ChessBase"]
[SourceDate "1996.11.15"]
[SourceVersion "1"]
[SourceVersionDate "1996.11.15"]
[SourceQuality "1"]

1. e4 c5 2. Nf3 Nc6 3. d4 cxd4 4. Nxd4 Nf6 5. Nc3 d6 6. Bc4 e6 7. Be3 a6 8. Qe2 Qc7 9. 0-0-0 Be7 10. Bb3 Na5 11. g4 b5 12. g5 Nxb3+ 13. axb3 Nd7 14. h4 b4 15. Na4 Nc5 16. h5 Bd7 17. Kb1 Bxa4 18. bxa4 Rc8 19. g6 Bf6 20. gxf7+ Qxf7 21. Qg4 0-0 22. f4 Kh8 23. f5 Nxa4 24. fxe6 Qc7 25. h6 g6 26. Rhf1 Nxb2 27. Rxf6 Rxf6 28. Bg5 Rf2 29. e7 b3 30. Rc1 Na4 31. Qe6 bxc2+ 32. Ka2 Nc3+ 33. Kb2 Nd1+ 34. Ka2 Qa5+ 35. Kb3 Rc3# 0-1

[Event "Paris-ch op"]
[Site "Paris"]
[Date "1992.??.??"]
[Round "1"]
[White "Rotstein, Arkadij"]
[Black "Pieri, Filippo"]
[Result "1-0"]
[WhiteElo "2410"]
[BlackElo "2250"]
[PlyCount "49"]
[EventDate "1992.04.??"]
[EventType "swiss"]
[EventRounds "9"]
[EventCountry "FRA"]
[SourceTitle "EXT 1997"]
[Source "ChessBase"]
[SourceDate "1996.11.15"]
[SourceVersion "1"]
[SourceVersionDate "1996.11.15"]
[SourceQuality "1"]

1. c4 Nf6 2. Nf3 c5 3. d4 cxd4 4. Nxd4 e5 5. Nb5 d5 6. cxd5 Bc5 7. e3 0-0 8. N5c3 Bf5 9. Be2 Qe7 10. Nd2 e4 11. a3 a5 12. b3 Rd8 13. Nc4 b5 14. Nxb5 Rxd5 15. Qc2 Nc6 16. Bb2 Rad8 17. 0-0 Ng4 18. Rad1 Qh4 19. Bxg4 Qxg4 20. Rxd5 Rxd5 21. Nb6 Re5 22. Bxe5 Nxe5 23. Qxc5 Nf3+ 24. Kh1 Qh4 25. Qd6 1-0

[Event "Forli op"]
[Site "Forli"]
[Date "1991.??.??"]
[Round "7"]
[White "Anceschi, Vittorio"]
[Black "Pieri, Filippo"]
[Result "1/2-1/2"]
[WhiteElo "2270"]
[BlackElo "2225"]
[PlyCount "75"]
[EventDate "1991.09.??"]
[EventType "swiss"]
[EventRounds "9"]
[EventCountry "ITA"]
[SourceTitle "EXT 1997"]
[Source "ChessBase"]
[SourceDate "1996.11.15"]
[SourceVersion "1"]
[SourceVersionDate "1996.11.15"]
[SourceQuality "1"]

1. b3 e5 2. Bb2 Nc6 3. c4 Nf6 4. g3 Bc5 5. Nc3 d5 6. cxd5 Nxd5 7. Bg2 Be6 8. Nf3 f6 9. 0-0 Qd7 10. Ne4 Bb6 11. d4 Bh3 12. dxe5 Bxg2 13. Kxg2 fxe5 14. Nc3 0-0-0 15. Qxd5 Qxd5 16. Nxd5 Rxd5 17. Rad1 Rhd8 18. Rxd5 Rxd5 19. e4 Ra5 20. a4 Bd4 21. Nxd4 Nxd4 22. Bxd4 exd4 23. Rc1 Kd7 24. Kf3 Rh5 25. h4 b5 26. Rd1 c5 27. axb5 Kc7 28. Kf4 Rh6 29. e5 Rb6 30. b4 cxb4 31. Rxd4 Rxb5 32. e6 Rb8 33. Rd7+ Kb6 34. e7 Re8 35. Ke4 a5 36. Kd4 Kc6 37. Ra7 Kb6 38. Rd7 1/2-1/2

[Event "Forli op"]
[Site "Forli"]
[Date "1991.??.??"]
[Round "3"]
[White "Dutreeuw, Marc"]
[Black "Pieri, Filippo"]
[Result "1-0"]
[WhiteElo "2405"]
[BlackElo "2225"]
[PlyCount "77"]
[EventDate "1991.09.??"]
[EventType "swiss"]
[EventRounds "9"]
[EventCountry "ITA"]
[SourceTitle "EXT 1997"]
[Source "ChessBase"]
[SourceDate "1996.11.15"]
[SourceVersion "1"]
[SourceVersionDate "1996.11.15"]
[SourceQuality "1"]

1. e4 c5 2. Nf3 d6 3. d4 cxd4 4. Nxd4 Nf6 5. Nc3 g6 6. Be3 Bg7 7. f3 0-0 8. Qd2 Nc6 9. g4 Bd7 10. 0-0-0 Rc8 11. h4 Ne5 12. h5 Qa5 13. Kb1 Rxc3 14. Qxc3 Qxc3 15. bxc3 Nxf3 16. h6 Bh8 17. Nxf3 Bxg4 18. Bg2 Nxe4 19. Rd3 Nxc3+ 20. Kb2 Ne2+ 21. Nd4 Ng3 22. Rh4 Be2 23. Kb3 Bxd3 24. cxd3 Bxd4 25. Bxd4 Nf5 26. Rg4 Nxh6 27. Re4 Nf5 28. Bxa7 Rc8 29. Rb4 e6 30. Bxb7 Rc1 31. a4 d5 32. Kb2 Rd1 33. a5 Rxd3 34. a6 Nd6 35. Bc5 Nc4+ 36. Rxc4 dxc4 37. a7 c3+ 38. Kc1 Rd8 39. Bb6 1-0

[Event "Forli op"]
[Site "Forli"]
[Date "1991.??.??"]
[Round "5"]
[White "Langeweg, Kick"]
[Black "Pieri, Filippo"]
[Result "1-0"]
[WhiteElo "2415"]
[BlackElo "2225"]
[PlyCount "97"]
[EventDate "1991.09.??"]
[EventType "swiss"]
[EventRounds "9"]
[EventCountry "ITA"]
[SourceTitle "EXT 1997"]
[Source "ChessBase"]
[SourceDate "1996.11.15"]
[SourceVersion "1"]
[SourceVersionDate "1996.11.15"]
[SourceQuality "1"]

1. Nf3 c5 2. c4 Nf6 3. Nc3 Nc6 4. d4 cxd4 5. Nxd4 Nxd4 6. Qxd4 g6 7. g3 Bg7 8. Bg2 0-0 9. 0-0 d6 10. Qd3 a6 11. Bd2 Ng4 12. b3 Rb8 13. Rac1 Be6 14. f4 b5 15. cxb5 axb5 16. h3 Qb6+ 17. e3 Nf6 18. Kh2 Nd7 19. e4 Nc5 20. Qe2 b4 21. Nd5 Bxd5 22. exd5 Ra8 23. Rc2 Ra7 24. Be3 Qa6 25. Qf2 Rc8 26. Rd1 Rac7 27. Rc4 Qa5 28. Qc2 Nb7 29. Bf1 Rxc4 30. Bxc4 Bc3 31. Rf1 Ra8 32. Rf2 Nc5 33. Re2 Ra7 34. h4 Rc7 35. h5 Nd7 36. hxg6 hxg6 37. f5 Kg7 38. fxg6 fxg6 39. Qe4 Nf6 40. Qh4 Rc8 41. Bh6+ Kf7 42. Qh3 Rc7 43. Qe6+ Ke8 44. Qxd6 Rd7 45. Qe6 Kd8 46. Bf4 Qa7 47. Qf7 Ng4+ 48. Kg2 e5 49. Bg5+ 1-0